000 01423nkm0a2200349 4500
001 RU\NLR\DIGIT\105688
005 20260406101655.0
035 _a(NLR Aleph) 010167696
090 _a13555406
_c13555406
100 _a20110310d1856 u y0rusy50 ca
101 0 _arus
102 _aRU
135 _acoco 024apaar
200 1 _aП.А. Вяземский
_e[Фот.]
210 _d1856
215 _d13,7х10,8; 37,8х30 см.
325 _aКопия доступна в Электрон. б-ке РНБ http://vivaldi.nlr.ru/lh000001230/view
600 1 _aВяземский
_bП.А.
_f1792 - 1878
_gПетр Андреевич
_jФотографии
_91327686
_3RU\NLR\AUTH\66236832
610 0 _aФотографии
_2izo
610 0 _aПортреты
702 1 _4600
_7ca
_8rus
_aЛевицкий
_bС. Л.
_f1819-1898
_gСергей Львович
_3RU\NLR\AUTH\770290497
_92698893
801 2 _aRU
_bNLR
_c20110314
_2rusmarc
852 _aNLR
_jЭ Лад ФП/4-В991
_pЭа 506
856 0 _uhttp://vivaldi.nlr.ru/lh000001230/view
856 1 _uhttp://vivaldi.nlr.ru/lh000001230/cover
856 2 _uhttp://vivaldi.nlr.ru/lh000001230/text
942 _cVISUAL
980 _aNB
981 3 6 _a(36) Цифровой репозиторий РНБ
981 1 7 _a(17) Изографические материалы
_b(17) Фотографии
_bПортреты